Миг бытия

Detalles Bibliográficos
Autor principal: Ахмадулина Б. А. Белла Ахматовна
Lenguaje:ruso
Publicado: Москва, Аграф, 1997
Colección:Символы времени
Materias:
Formato: MixedMaterials Libro
KOHA link:https://koha.lib.tpu.ru/cgi-bin/koha/opac-detail.pl?biblionumber=10956

MARC

LEADER 00000nam0a2200000 4500
001 10956
005 20231101204739.0
010 |a 577840225 
035 |a (RuTPU)RU\TPU\book\11024 
035 |a BOOK00011090 
090 |a 10956 
100 |a 20011209d1997 m y0rusy50 ca 
101 0 |a rus 
102 |a RU 
105 |a a z 000ay 
200 1 |a Миг бытия  |f Б. А. Ахмадулина 
210 |a Москва  |c Аграф  |d 1997 
215 |a 304 с.  |c ил. 
225 1 |a Символы времени 
610 1 |a воспоминания 
610 1 |a эссе 
675 |a Р2  |v 3 
700 1 |a Ахмадулина  |b Б. А.  |c русская поэтесса  |f 1937-2010  |g Белла Ахматовна  |2 stltpush  |3 (RuTPU)RU\TPU\pers\8220  |9 1617 
801 0 |a RU  |b 63413507  |c 20011209  |g PSBO 
801 2 |a RU  |b 63413507  |c 20170313  |g PSBO 
942 |c BK